000 00880nam a2200205Ia 4500
001 15709
003 GE_BSU
008 181216s||||||||xx |||||||||||||| ||und||
040 _cGE_BSU
080 _a821.353.1-84
100 _a[წერეთელი, ა.]
245 _aაკაკი წერეთლის აფორიზმები და გამონათქვამები
245 _cშემდგ.: მურად მთვარელიძე ; რედ.: თ. კიკაჩეიშვილი. მხ. ო.ვარვარიძე
260 _aთბილისი
260 _bთბილ. უნ-ტის გამ-ბა
260 _c1990
300 _a110გვ. ; 20სმ
653 _aაკაკი წერეთლის აფორიზმები და გამონათქვამები
942 _cBK
999 _c48807
_d48807